| 000 | 00739nam a2200253Ia 4500 | ||
|---|---|---|---|
| 008 | 160621s9999 xx 000 0 und d | ||
| 020 | _a978-0-470-10122-3 | ||
| 050 | _aComSc HD 30.213 | ||
| 050 | _b.G37 2008 | ||
| 100 | _aGardner, Cynthia. | ||
| 245 | _aMIS cases : | ||
| 245 | _bsolving small business scenarios using application software / | ||
| 245 | _cCynthia Gardner, Eugene Rathswohl. | ||
| 260 | _aUSA : | ||
| 260 | _bJohn Wiley & Sons, Inc., | ||
| 260 | _c2008 | ||
| 300 | _a134 pages : | ||
| 300 | _billustrations ; | ||
| 300 | _c23 cm. | ||
| 500 | _aIncludes index. | ||
| 650 | _aInformation technology -- Management. | ||
| 650 | _aManagement information systems. | ||
| 650 | _xBusiness -- Data processing. | ||
| 999 |
_c296137 _d296137 |
||